Mối quan hệ giữa tính chân thực lịch sử và hư cấu nghệ thuật trong tiểu thuyết lịch sử Việt Nam nửa đầu thế kỷ XX /

Na minha lista:
Detalhes bibliográficos
Autor principal: Bùi Văn Lợi, TS.
Formato: Atigo
Idioma:Vietnamese
Assuntos:
Tags: Adicionar Tag
Sem tags, seja o primeiro a adicionar uma tag!
Thư viện lưu trữ: Thư viện Trường Đại học Đà Lạt
LEADER 00759nam a2200253 4500
001 DLU090075313
005 ##20090527
040 # # |a DLU  |b vie 
041 # # |a vie 
044 # # |a vn 
100 # # |a Bùi Văn Lợi,   |c TS. 
245 # # |a Mối quan hệ giữa tính chân thực lịch sử và hư cấu nghệ thuật trong tiểu thuyết lịch sử Việt Nam nửa đầu thế kỷ XX /  |c Bùi Văn Lợi. 
653 # # |a Hư cấu 
653 # # |a Nhân vật lịch sử  
653 # # |a Tiểu thuyết lịch sử  
773 # # |t Tạp chí văn học  |g Số 9, 1999, tr. 83-90 
994 # # |a DLU 
900 # # |a True 
911 # # |a Nguyễn Thị Linh Chi 
925 # # |a G 
926 # # |a A 
927 # # |a BB 
980 # # |a Thư viện Trường Đại học Đà Lạt